[Event "FRA-ch U14 Girls"]
[Site "Hyeres"]
[Date "2019.04.14"]
[Round "1"]
[White "Cornileau, Juliette"]
[Black "Degree, Ombeline"]
[Result "1-0"]
[WhiteElo "1705"]
[BlackElo "1251"]
[PlyCount "183"]
[EventDate "2019.04.14"]
[EventType "swiss"]
[EventRounds "9"]
[EventCountry "FRA"]
[SourceTitle "CBM 190 Extra"]
[Source "ChessBase"]
[SourceDate "2019.07.15"]
[SourceVersion "1"]
[SourceVersionDate "2019.07.15"]
[SourceQuality "1"]

1. e4 e5 2. Nf3 Nc6 3. Nc3 Nf6 4. d4 exd4 5. Nxd4 Bb4 6. Nxc6 bxc6 7. Bd3 d6 8. Bg5 Be6 9. 0-0 h6 10. Bh4 g5 11. Bg3 h5 12. f4 h4 13. Be1 g4 14. Qe2 g3 15. h3 Bc5+ 16. Kh1 Rg8 17. f5 Bd7 18. Bd2 Qe7 19. Qf3 Rb8 20. b3 Bd4 21. Rae1 Be5 22. Qe3 c5 23. Qh6 Kd8 24. Ne2 Ne8 25. Bc3 Bxc3 26. Nxc3 Qf6 27. Qd2 c6 28. Bc4 Nc7 29. Rd1 Ke7 30. Rfe1 Qe5 31. Qh6 Rh8 32. Qg5+ Kf8 33. Nb1 Ne6 34. Qd2 Nd4 35. c3 Nb5 36. a4 Nc7 37. Qxd6+ Qxd6 38. Rxd6 Ke7 39. Red1 Rbd8 40. f6+ Ke8 41. Bxf7+ Kxf7 42. Rxd7+ Rxd7 43. Rxd7+ Kxf6 44. Nd2 Ne6 45. Nf3 a5 46. Kg1 Nf4 47. e5+ Ke6 48. Rd6+ Ke7 49. Kf1 Rb8 50. Nd2 Rf8 51. Rf6 Rxf6 52. exf6+ Kxf6 53. Ne4+ Ke5 54. Nxc5 Nd5 55. c4 Ne3+ 56. Kg1 Kd4 57. Nb7 Kc3 58. Nxa5 Kb4 59. Nxc6+ Kxb3 60. a5 Nxc4 61. a6 Nb6 62. a7 Na8 63. Kf1 Kc4 64. Ne5+ Kb5 65. Ng6 Ka6 66. Nxh4 Kxa7 67. Nf5 Kb7 68. Nxg3 Kc7 69. Nf5 Kd7 70. h4 Ke6 71. g4 Kf6 72. Kg2 Nc7 73. Kf3 Ne6 74. Ne3 Ng7 75. Ke4 Kg6 76. Ke5 Ne8 77. Nd5 Ng7 78. Ne7+ Kh7 79. g5 Nh5 80. Nf5 Kg6 81. Ne7+ Kg7 82. Nd5 Kf7 83. Nf4 Ng7 84. h5 Ne8 85. h6 Kg8 86. Nh5 Kh8 87. Nf6 Nc7 88. g6 Ne6 89. Ne8 Ng5 90. g7+ Kh7 91. Nf6+ Kxh6 92. g8Q 1-0